000 00285nam a22001337a 4500
008 171013b xxu||||| |||| 00| 0 eng d
020 _a9780195056525
041 _aeng
080 _a316
100 _a51
101 _aSOC
245 _aIDOLSOF PERVERSITY
_cBRAM.D
942 _2udc
_cBK
999 _c33743
_d33743